00725nam a2200169Ia 4500008004000000020001800040082001700058100002000075245005700095260005300152300001200205650009400217690003600311906001200347999001900359952017700378210210b2000 xxu||||| |||| 00| 0 eng d a18 7223 271 3 a320.954 SHOI aSHOURIE (Arun). aIndian controveries: essays on religion in politics. aNew Delhi.bHarperCollins Publishers Indiac2000 axiv,670 aIndian religion Politics secular Bans Fatwas Ayodhya Communalism terrorism fundamentalism aPolitical Situation & Condition aSG03377 c114072d114072 001040708Political ScienceaALbALcPolitical Scienced2021-02-17eAthree Book Centre, Mangalore-01.g0.00l0o320.954 SHOIpSG03377r2021-02-17 00:00:00w2021-02-17ySG